Anatomy & Physiology : (Record no. 60)
[ view plain ]
| 000 -LEADER | |
|---|---|
| Fixed length control field | 00575nam a2200205Ia 4500 |
| 003 - CONTROL NUMBER IDENTIFIER | |
| Control field | IIN |
| 005 - DATE AND TIME OF LATEST TRANSACTION | |
| Control field | 20240202114742.0 |
| 008 - FIXED-LENGTH DATA ELEMENTS--GENERAL INFORMATION | |
| Fixed length control field | 231217s9999 xx 000 0 und d |
| 020 ## - INTERNATIONAL STANDARD BOOK NUMBER / ISBN | |
| Price | Rs.225.00 |
| International Standard Book Number | 9789351525745 |
| 040 ## - CATALOGING SOURCE | |
| Original cataloging agency | IIN |
| Language of cataloging | English |
| 082 ## - DEWEY DECIMAL CLASSIFICATION NUMBER | |
| Classification number | 612 |
| Book Number | SEE |
| 100 1# - MAIN ENTRY--PERSONAL NAME | |
| Personal name | Seervi, Rajendra Prasad |
| 245 1# - TITLE STATEMENT | |
| Title | Anatomy & Physiology : |
| Sub title | for BSc Nursing 1st Year / |
| Statement of responsibility | Rajendra Prasad Seervi and Abhishak Soni |
| 260 ## - IMPRINT | |
| Name of publisher | Jaypee |
| Place of publication | New Delhi |
| Date of publication | 2015 |
| 300 ## - PHYSICAL DESCRIPTION | |
| Page / Vol. No | [3] 4-264 p. |
| 650 1# - SUBJECT ADDED ENTRY--TOPICAL TERM | |
| Topical term | Anatomy |
| 650 1# - SUBJECT ADDED ENTRY--TOPICAL TERM | |
| Topical term | Physiology |
| 700 1# - ADDED ENTRY--PERSONAL NAME | |
| Personal name | Soni, Abhishak |
| 942 ## - ADDED ENTRY ELEMENTS (KOHA) | |
| Koha item type | Books |
| Withdrawn status | Lost status | Source of classification | Damaged status | Not for loan | Collection code | Home library | Current library | Date acquired | Price | Total Checkouts | Call number | Accession number | Date last seen | Price effective from | Koha item type |
|---|---|---|---|---|---|---|---|---|---|---|---|---|---|---|---|
| Dewey Decimal Classification | IDEAL INSTITUTE OF NURSING | IDEAL INSTITUTE OF NURSING | 17/12/2023 | 225.00 | 612 SEE | 55 | 17/12/2023 | 17/12/2023 | Books | ||||||
| Dewey Decimal Classification | IDEAL INSTITUTE OF NURSING | IDEAL INSTITUTE OF NURSING | 17/12/2023 | 225.00 | 612 SEE | 56 | 17/12/2023 | 17/12/2023 | Books |
